02830nam a2200301 a 4500003000500000005001700005007000300022008004100025020002200066040002300088050002200111082003100133100003100164245008700195250001700282264005300299300006800352336002700420337002700447338002800474504003300502505136400535520055001899650001102449650002402460650002002484700002402504CHAP20230314185200.0ta230314s2018 -usado|f |||| 001 0 eng d a978-1-138-09226-6 amxchpuacCHAPerda10aT57.74b.M57 201800a519.72028553bM57 20182201 aMishra, Shashi Kanteautor10aIntroduction to linear programming with MATLAB /cShashi Kant Mishra y Bhagwat Ram a1a edición aBoca Raton :bTaylor & Francis, CRC Press,c2018 axiii, 313 páginas :bilustraciones, gráficas, tablas, fotos 2rdacontentatextobtxt 2rdamediaasin mediobn 2rdacarrieravolumenbnc aBibliografía: página 3090 aIntroduction -- 1. Vector Spaces and Matrices. -- Vector. -- Matrix. -- Linear Equations. -- Matrix Inversion. -- Eigen values and Eigen vectors. -- Exercises. -- 2. MATLAB. -- Introduction. -- Basic feature. -- Basic Operations in MATLAB. -- Selection Statements and Loop Statements. -- User Defined Function. -- MATLAB Functions Defined in This Book. -- Exercises. -- 3. Introduction to Linear Programming. -- Introduction. -- Simple Examples of Linear programs. -- Convex Sets. -- Graphical Solution of Linear Programming problem. -- Exercises. -- Contents. -- 4. The Simplex Method. -- Standard Form of Linear Programming Problem. -- Basic Solutions. -- Properties of Basic Solutions. -- Simplex Algorithm. -- Two Phase Simplex Method. -- Exercises. -- 5. The Revised Simplex Method. -- Introduction. -- Matrix Form of the Revised Simplex Method. -- The Revised Simplex Algorithm. -- Exercise. -- 6. Duality. -- Dual Linear Programs. -- Properties of Dual Problems. -- The Dual Simplex Method. -- Exercises. -- 7. The Transportation Problem. -- Introduction. -- Balanced Transportation Problem. -- North West Corner Method. -- Least Cost Method. -- Vogel's Approximation Method. -- Optimal Solution from BFS. -- Exercises. -- 8. The Assignment Problem. -- Introduction. -- Hungarian Method. -- Exercises. -- Answer Keys. -- Bibliography. -- Index2 aIntroduction to Linear Programming with MATLAB is based on the lecture notes the author delivered to students at the Institute of Science, Banaras Hindu University, India. It covers simplex, revised simplex, two-phase method, duality, dual simplex, complementary slackness, transportation, and assignment problems with good number of examples, clear proofs, MATLAB codes, and homework problems. The book will be useful for both students and practitioners. The book includes an introductory chapter to MATLAB and 38 solved examples using MATLAB.13aMATLAB13aProcesador de datos13aData processing1 aRam, Bhagwateautor